| 000 | 00907cam a2200193 a 4500 | ||
|---|---|---|---|
| 001 | 000008284 | ||
| 005 | 20200929161325.0 | ||
| 008 | 810521s1978 pr 000 1 spa | ||
| 020 | _a8439985630 | ||
| 040 |
_aDO-SdBNP _bspa _cBNPHU |
||
| 082 |
_aPR863.44 _bR175d |
||
| 100 | 1 |
_aRamos, Juan Antonio, _d1948- _922420 |
|
| 245 | 1 | 0 |
_aDémosle luz verde a la nostalgia / _cJuan Antonio Ramos. |
| 260 |
_aRío Piedras, Puerto Rico : _bCultural, _c1978. |
||
| 300 |
_a194 p. ; _c21 cm. |
||
| 505 | 0 | _aEl espejo -- Había una vez y dos son tres -- El bautismo de un despojo -- Latidos telefónicos -- La trampa -- Miguelina Lorenzana se despachó sin la bendición -- El eco -- La fuga -- Papo Impala está quitao -- Démosle luz verde a la nostalgia -- Edpidia Figueroa -- Velando a don Boni -- Cuaresma -- Asi son las cosas. | |
| 650 | 4 |
_aCuentos puertorriqueños _9249 |
|
| 650 | 4 |
_aLiteratura puertorriqueña _9250 |
|
| 999 |
_c8055 _d8055 |
||